[Event "Berlin-ch Seniors op 23rd"]
[Site "Berlin"]
[Date "2007.02.10"]
[Round "6"]
[White "Christ, Hans Eckart"]
[Black "Voelker, Thomas"]
[Result "0-1"]
[WhiteElo "1630"]
[BlackElo "1765"]
[PlyCount "80"]
[EventDate "2007.02.05"]
[EventType "swiss"]
[EventRounds "9"]
[EventCountry "GER"]
[SourceTitle "EXT 2022"]
[Source "ChessBase"]
[SourceDate "2021.10.06"]
[SourceVersion "1"]
[SourceVersionDate "2021.10.06"]
[SourceQuality "1"]

1. d4 d6 2. e4 Nf6 3. Nc3 c6 4. Nf3 Bg4 5. Be2 e6 6. h3 Bh5 7. Be3 Nbd7 8. 0-0 Be7 9. Nd2 Bxe2 10. Qxe2 0-0 11. f4 e5 12. dxe5 dxe5 13. Nb3 Bd6 14. f5 Qe7 15. Bg5 h6 16. Bh4 Rfd8 17. Rf3 Nc5 18. Nd2 b5 19. Kh1 Rd7 20. Rg3 Qd8 21. Qe3 Kh7 22. Nf3 b4 23. Bxf6 Qxf6 24. Nd1 Rad8 25. Nf2 Qe7 26. Ng4 f6 27. Nh4 Qf7 28. Nf2 Qc4 29. Rg6 Bf8 30. Re1 Qxc2 31. Qg3 Qd2 32. Re3 Nd3 33. Rxh6+ gxh6 34. Qg6+ Kh8 35. Ng4 Nf2+ 36. Nxf2 Qxe3 37. Qxf6+ Bg7 38. Ng6+ Kh7 39. Nf8+ Rxf8 40. Qg6+ Kh8 0-1

[Event "Berlin-ch Seniors op 23rd"]
[Site "Berlin"]
[Date "2007.02.07"]
[Round "3"]
[White "Christ, Hans Eckart"]
[Black "Rollwitz, Juergen"]
[Result "1/2-1/2"]
[WhiteElo "1630"]
[BlackElo "1783"]
[PlyCount "41"]
[EventDate "2007.02.05"]
[EventType "swiss"]
[EventRounds "9"]
[EventCountry "GER"]
[SourceTitle "EXT 2022"]
[Source "ChessBase"]
[SourceDate "2021.10.06"]
[SourceVersion "1"]
[SourceVersionDate "2021.10.06"]
[SourceQuality "1"]

1. d4 d5 2. c4 e6 3. Nf3 Nf6 4. Bg5 Be7 5. e3 Nbd7 6. Bd3 dxc4 7. Bxc4 Ne4 8. Bxe7 Qxe7 9. 0-0 0-0 10. Qc2 Nef6 11. Nc3 c6 12. Rad1 e5 13. d5 cxd5 14. Nxd5 Nxd5 15. Rxd5 e4 16. Nd2 Nf6 17. Rd4 Bf5 18. Nb3 Rac8 19. Qd2 b6 20. Ba6 Rcd8 21. Rd1 1/2-1/2